Impossible Levels Geometry Dash - Statistics

General Stats
  • This quiz has been taken 6 times
  • The average score is 3 of 100
Answer Stats
Creators Levels TPS (Taps per second) % Correct
ArcticKoT and Pooch TON 618 2000
100%
eightos and more CYCLOLCYC 1974
60%
TheRealSailent, Cyrillic Silent Circles 720
60%
maxfs arcturus (unnerfed) 1440
20%
skrudge, gqc CYCLONE 500
20%
eightos formosa 2000
20%
KaotikJumper, Huuko, AtomicimotA, catria, benw029 and more Haunted Corridor 600
20%
ULTRAHAROS kataTARTARUS 720
20%
Niko and more Tax Evasion 1440
20%
HangedSc and more achettorn 360
0%
pdf38388 and more Acid trip 240
0%
ItsV4N0 AWESOMESTEREOMADNESS 240
0%
Akyse and more Back from the Grave 720
0%
Katy-Kat, TomScott and more Ballistic Wistfully 3000
0%
Skyyee Ballistic Wistfully 7200
0%
jojo989 bate papo 240
0%
Skyyee Blood In The Water 665
0%
zronk and more Cheeky Bloodbath 240
0%
gqc, MefisticOG Crystal Dunes 888
0%
Auraxalaiv and Glitchy CUM 1242
0%
2A0L0I3 Cyberphobia 500
0%
muriday die circles 1000
0%
blowfishhh ebola casual 4115007
0%
Tendart and ItzXewoiy el dorado 2000
0%
TIO Elementary Machine 60
0%
DemonGirlfriend, Skyyee ESTROGENOCIDE 240
0%
VYKINTUX Fathomless Cruelty 240
0%
etermias and Gin Fear Factory (Old Version) 1200
0%
Akitsu Fracture 1440
0%
UnfunnyPlayer frostbitten 10385
0%
Apocalipse Ghost 480
0%
ItsV4N0 gooner level 240
0%
Skyyee Grandma Demon 720
0%
Skyyee GRPR 720
0%
Skyyee GRPR 2 720
0%
glitchi GXXDNXGHT 330
0%
Skyyee Heart Attack X 720
0%
RealerGD Heathens 6000
0%
Akyse and more HMSCSCCISCCS 666
0%
apocalipse homege 2666
0%
Skyyee Horrible Draw 167
0%
gqc hushed star 1111
0%
tiyotiyo Kaffeklubben Island 240
0%
Vyth Ku259Half-Life 999
0%
maxfs Lastheory 720
0%
Nxaelevend Level Submission 720
0%
fLsey Lights Unnerfed 360
0%
Coolboymoney123 and more lobster pizza 3462
0%
Tendart and more Lunar Empress 2000
0%
gqc M3CH 2000
0%
AnonIIExt, Lumi, Pieguy, Eulernum, Buk, Grave, MatuessDev and more Maze Of Justice 60
0%
Akhansas and RealHutoew Midnight Sun 720
0%
crmsnn Miss Massacre 997
0%
gqc and more MUTEclub 1616
0%
kalculus19 and more MY FUCKING NUTS 360
0%
Vyth Necrotic Majesty 2000
0%
glitchi Nierenbaum 165
0%
Muriday Nightfall 8500
0%
Jehes No Mercy 500
0%
ViperArctarus, Pla, Pooch and more Odium 240
0%
y7n, Roxiiiii, Akyse Omega Paracosm 720
0%
Gabbyistoastman and SquishGD Plastic Love 720
0%
Roxi and more pplllife no timer 621
0%
thehexa precision 299
0%
gqc and more Purple World 600
0%
Skyyee RAIN 6828
0%
Greafer rare 480
0%
GDMiracle Realm of Bloodshadow 720
0%
DemonGirlfriend RED MAZE 240
0%
AuraXalaiv and Migueword Relife 2019 240
0%
Eightos S2E2 HC 555
0%
070 Sad Santa 385
0%
SylenPaws and more Sailent Discoworld 240
0%
IiIOpticalIiI and more Satanic Palm Mutes 1200
0%
Ewe23 and more Sheep2Day 360
0%
Apocalipse, Zodiac Shipping 2022
0%
maus999, WNDY SilentDemonPlanet Z 720
0%
Jojo989 Silent Time Machine 1081
0%
070 Singularity 3000
0%
GionniBlood Six Paths Of Pain 666
0%
erzor and dudodo sobot circles X 240
0%
DShifter Swagman Adventures 179
0%
coolboymoney123 and more Tarsorado Demon 4001
0%
herozombie80 The Devil 60
0%
HipoAR & more, uploaded by 043 The Golden 770
0%
khacs the poison tree 360
0%
Pieguy57, RezerdPrime The Squall 600
0%
hexitine the stag beetle 360
0%
ItsV4N0 TOGENASHI GRIPS 240
0%
Wuro, ArcticKoT TONE ALLEY 720
0%
Nikoshi, Wuro TrES 2b Pt2 720
0%
Ewe23 and more TRUE SCHAFS 2021
0%
Charloye Tundra 74456
0%
nhauqq and more Violent 240
0%
Erzor Vitrification 360
0%
Katerie Wasureyo 240
0%
mVinci WHOLESOMEmetathesis 1392
0%
TiO Work in progress 60
0%
eightos Xane Gets Trippy 1088
0%
Senpranton15 Zobros' Worst Fear 2000
0%
No matching quizzes found
Score Distribution
Percent of People with Each Score
Percentile by Number Answered
Your Score History
You have not taken this quiz